Wszyscy polscy europosłowie na kadencje 2019-2024 - Statystyki

Ogólne statystyki
  • Ten quiz został rozwiązany 61 razy
  • Średni wynik to 20 z 52
Statystyki odpowiedzi
Partia Odpowiedź % Poprawnych
Wiosna Robert Biedroń
93%
PiS Beata Szydło
80%
PiS Patryk Jaki
75%
KE Leszek Miller
70%
PiS (dostanie mandat po odejściu Wielkiej Brytanii) Dominik Tarczyński
65%
KE Ewa Kopacz
65%
KE Róża Thun
65%
Wiosna Sylwia Spurek
60%
KE Włodzimierz Cimoszewicz
60%
KE Marek Belka
55%
KE Radosław Sikorski
55%
PiS Ryszard Czarnecki
53%
PiS Anna Zalewska
50%
KE Bartosz Arłukowicz
50%
PiS Elżbieta Rafalska
50%
KE Jerzy Buzek
50%
Wiosna Łukasz Kohut
50%
PiS Beata Kempa
48%
PiS Jacek Saryusz-Wolski
43%
KE Janusz Lewandowski
40%
PiS Joachim Brudziński
40%
PiS Ryszard Legutko
38%
KE Tomasz Frankowski
38%
KE Adam Jarubas
35%
KE Krzysztof Hetman
35%
KE Magdalena Adamowicz
35%
PiS Witold Waszczykowski
35%
PiS Anna Fotyga
33%
KE Janina Ochojska
33%
KE Marek Balt
33%
KE Andrzej Halicki
30%
PiS Jadwiga Wiśniewska
30%
KE Jarosław Kalinowski
30%
PiS Karol Karski
30%
PiS Kosma Złotowski
30%
PiS Adam Bielan
28%
KE Bogusław Liberadzki
28%
PiS Tomasz Poręba
28%
PiS Beata Mazurek
25%
PiS Bogdan Rzońca
25%
KE Elżbieta Łukacijewska
25%
PiS Zbigniew Kuźmiuk
23%
PiS Zdzisław Krasnodębski
23%
PiS Elżbieta Kruk
20%
PiS Andżelika Możdżanowska
15%
KE Danuta Huebner
15%
PiS Izabela Kloc
15%
PiS Joanna Kopcińska
15%
PiS Krzysztof Jurgiel
15%
PiS Grzegorz Tobiszowski
13%
KE Jarosław Duda
10%
KE Jan Olbrycht
8%
Nie znaleziono quizów pasujących do podanych kryteriów
Rozkład punktacji
Procent ludzi z każdym wynikiem
Percentyl według liczby udzielonych odpowiedzi
Twoja historia wyników
Nie rozwiązałeś tego quizu